Teacher care : (Record no. 366702)
[ view plain ]
| 000 -LEADER | |
|---|---|
| fixed length control field | 00774nam a22002417a 4500 |
| 003 - CONTROL NUMBER IDENTIFIER | |
| control field | 0 |
| 005 - DATE AND TIME OF LATEST TRANSACTION | |
| control field | 20241113160712.0 |
| 008 - FIXED-LENGTH DATA ELEMENTS--GENERAL INFORMATION | |
| fixed length control field | 241113b xxu||||| |||| 00| 0 eng d |
| 020 ## - INTERNATIONAL STANDARD BOOK NUMBER | |
| International Standard Book Number | 978-971-00227-4-8 |
| 050 ## - LIBRARY OF CONGRESS CALL NUMBER | |
| Classification number | TR LB 2840.2 |
| Item number | K69 2010 |
| 082 ## - DEWEY DECIMAL CLASSIFICATION NUMBER | |
| Classification number | TR 371.3 |
| Item number | K69 2010 |
| 100 ## - MAIN ENTRY--PERSONAL NAME | |
| Personal name | Knight, Lizette F. |
| 245 ## - TITLE STATEMENT | |
| Title | Teacher care : |
| Remainder of title | proper holistic wellness |
| Statement of responsibility, etc | Lizette F. Knight, Anne K. Windus. |
| 260 ## - PUBLICATION, DISTRIBUTION, ETC. (IMPRINT) | |
| Place of publication, distribution, etc | Makati City : |
| Name of publisher, distributor, etc | Church Strengthening Ministry, Inc., |
| Date of publication, distribution, etc | c2010. |
| 300 ## - PHYSICAL DESCRIPTION | |
| Extent | 315 p. : |
| Other physical details | ill. ; |
| Dimensions | 18 cm. |
| 650 ## - SUBJECT ADDED ENTRY--TOPICAL TERM | |
| Topical term or geographic name as entry element | Teachers |
| Form subdivision | Job stress. |
| 650 ## - SUBJECT ADDED ENTRY--TOPICAL TERM | |
| Topical term or geographic name as entry element | Teachers |
| Form subdivision | Mental health. |
| 650 ## - SUBJECT ADDED ENTRY--TOPICAL TERM | |
| Topical term or geographic name as entry element | Teaching |
| Form subdivision | Psychological aspects. |
| 650 ## - SUBJECT ADDED ENTRY--TOPICAL TERM | |
| Topical term or geographic name as entry element | Stress management. |
| 650 ## - SUBJECT ADDED ENTRY--TOPICAL TERM | |
| Topical term or geographic name as entry element | Teachers, Training of. |
| 700 ## - ADDED ENTRY--PERSONAL NAME | |
| Personal name | Windus, Anne K., |
| Relator term | author. |
| 942 ## - ADDED ENTRY ELEMENTS (KOHA) | |
| Source of classification or shelving scheme | Dewey Decimal Classification |
| Koha item type | Books |
| Withdrawn status | Lost status | Source of classification or shelving scheme | Damaged status | Home library | Current library | Shelving location | Date acquired | Source of acquisition | Total Checkouts | Full call number | Barcode | Date last seen | Price effective from | Koha item type |
|---|---|---|---|---|---|---|---|---|---|---|---|---|---|---|
| Dewey Decimal Classification | Munich Library | Munich Library | Teachers Reference Section | 11/13/2024 | Library Fund | TR 371.3 K69 2010 | M8471 | 11/13/2024 | 11/13/2024 | Books |